Online
Catalog

Proceedings from the Swedish-Guatemalan Seminar on Consensus-Building, Governance, and Democracy, December 1, 1998, Guatemala City = (Record no. 1978)

MARC details
000 -CABECERA
campo de control de longitud fija 01651cam a2200361 i 4500
001 - NÚMERO DE CONTROL
campo de control 000002125
003 - IDENTIFICADOR DEL NÚMERO DE CONTROL
campo de control DO-SdBNP
005 - FECHA Y HORA DE LA ÚLTIMA TRANSACCIÓN
campo de control 20260316142055.0
007 - CAMPO FIJO DE DESCRIPCIÓN FÍSICA--INFORMACIÓN GENERAL
campo de control de longitud fija ta
008 - DATOS DE LONGITUD FIJA--INFORMACIÓN GENERAL
campo de control de longitud fija 001108s2000 sw a b 100 0 eng
020 ## - NÚMERO INTERNACIONAL ESTÁNDAR DEL LIBRO
Número Internacional Estándar del Libro 9185894567
040 ## - FUENTE DE LA CATALOGACIÓN
Centro catalogador/agencia de origen DO-SdBNP
Lengua de catalogación spa
Centro/agencia transcriptor BNPHU
Normas de descripción rda
041 17 - CÓDIGO DE LENGUA
Código de lengua del texto/banda sonora o título independiente spa
082 #4 - NÚMERO DE LA CLASIFICACIÓN DECIMAL DEWEY
Número de clasificación 331.1485
Número de documento/Ítem S974g
Número de edición 22
111 2# - ENTRADA PRINCIPAL--NOMBRE DE CONGRESO/REUNIÓN
Nombre de congreso/reunión o jurisdicción como elemento de entrada Swedish-Guatemalan Seminar on Consensus-Building, Governance, and Democracy
Fecha del congreso/reunión (1998 :
Sede del congreso/Lugar de la reunión Guatemala, Guatemala)
9 (RLIN) 6809
245 10 - MENCIÓN DE TÍTULO
Título Proceedings from the Swedish-Guatemalan Seminar on Consensus-Building, Governance, and Democracy, December 1, 1998, Guatemala City =
Resto del título Actas del Seminario Sueco-Guatemalteco Construyendo Consenso, Gobernabilidad y Democracia, 1 de diciembre 1998, Ciudad de Guatemala /
Mención de responsabilidad, etc. editores, Åke Magnusson, Rune Rydén.
246 30 - FORMA VARIANTE DE TÍTULO
Título propio/Titulo breve Consensus-building, governance, and democracy
246 30 - FORMA VARIANTE DE TÍTULO
Título propio/Titulo breve Construyendo consenso, gobernabilidad y democracia
264 #1 - PRODUCCIÓN, PUBLICACIÓN, DISTRIBUCIÓN, FABRICACIÓN Y COPYRIGHT
Producción, publicación, distribución, fabricación y copyright Stockholm :
Nombre del de productor, editor, distribuidor, fabricante LAIS/NIR,
Fecha de producción, publicación, distribución, fabricación o copyright 2000.
300 ## - DESCRIPCIÓN FÍSICA
Extensión 287 páginas :
Otras características físicas ilustraciones ;
Dimensiones 24 cm.
336 ## - TIPO DE CONTENIDO
Término de tipo de contenido texto
Código de tipo de contenido txt
Fuente rdacontent
337 ## - TIPO DE MEDIO
Nombre/término del tipo de medio sin mediación
Código del tipo de medio n
Fuente rdamedia
338 ## - TIPO DE SOPORTE
Nombre/término del tipo de soporte volumen
Código del tipo de soporte nc
Fuente rdacarrier
490 1# - MENCIÓN DE SERIE
Mención de serie Monograf
Designación de volumen o secuencia 34
500 ## - NOTA GENERAL
Nota general Incluye referencias bibliográficas
650 #4 - PUNTO DE ACCESO ADICIONAL DE MATERIA--TÉRMINO DE MATERIA
Término de materia o nombre geográfico como elemento de entrada Mercado de trabajo
Subdivisión geográfica Suecia
Subdivisión de forma Congresos, conferencias, etc.
9 (RLIN) 19058
650 #4 - PUNTO DE ACCESO ADICIONAL DE MATERIA--TÉRMINO DE MATERIA
Término de materia o nombre geográfico como elemento de entrada Relaciones industriales
Subdivisión geográfica Suecia
Subdivisión de forma Congresos, conferencias, etc.
9 (RLIN) 6812
650 #4 - PUNTO DE ACCESO ADICIONAL DE MATERIA--TÉRMINO DE MATERIA
Término de materia o nombre geográfico como elemento de entrada Mercado de trabajo
Subdivisión geográfica Guatemala
Subdivisión de forma Congresos, conferencias, etc.
9 (RLIN) 19058
650 #4 - PUNTO DE ACCESO ADICIONAL DE MATERIA--TÉRMINO DE MATERIA
Término de materia o nombre geográfico como elemento de entrada Relaciones industriales
Subdivisión geográfica Guatemala
Subdivisión de forma Congresos, conferencias, etc.
9 (RLIN) 6814
700 1# - PUNTO DE ACCESO ADICIONAL--NOMBRE DE PERSONA
Nombre de persona Magnusson, Åke
Fechas asociadas al nombre 1943-
9 (RLIN) 6815
700 1# - PUNTO DE ACCESO ADICIONAL--NOMBRE DE PERSONA
Nombre de persona Rydén, Rune
9 (RLIN) 6816
942 ## - ELEMENTOS DE PUNTO DE ACCESO ADICIONAL (KOHA)
Fuente del sistema de clasificación o colocación Dewey Decimal Classification
Tipo de ítem Koha Libro
Holdings
Estado de retiro Estado de pérdida Fuente del sistema de clasificación o colocación Restricciones de uso No para préstamo Código de colección Localización permanente Ubicación/localización actual Ubicación en estantería Fecha de adquisición Total de préstamos Signatura topográfica completa Código de barras Fecha visto por última vez Precio válido a partir de Tipo de ítem Koha
    Dewey Decimal Classification Préstamo en sala   General Biblioteca Nacional Pedro Henríquez Ureña Biblioteca Nacional Pedro Henríquez Ureña En catalogación 22.09.2009   BNPHU GR 331.1485 S974g 2125-10 25.06.2020 25.06.2020 Libro

Powered by Koha